[Event "Wloclawek CC Classic 17th"]
[Site "Wloclawek"]
[Date "2016.??.??"]
[Round "3"]
[White "Grochowalski, Pawel"]
[Black "Budnik, Mateusz"]
[Result "1/2-1/2"]
[WhiteElo "2147"]
[BlackElo "2040"]
[PlyCount "33"]
[EventDate "2016.06.??"]
[EventType "swiss"]
[EventRounds "7"]
[EventCountry "POL"]
[SourceTitle "EXT 2021"]
[Source "ChessBase"]
[SourceDate "2020.10.23"]
[SourceVersion "1"]
[SourceVersionDate "2020.10.23"]
[SourceQuality "1"]

1. d4 Nf6 2. Bg5 g6 3. Bxf6 exf6 4. g3 Bg7 5. Bg2 0-0 6. e3 Qe7 7. c3 c6 8. Ne2 d5 9. 0-0 Na6 10. Nd2 Nc7 11. Re1 f5 12. Qc2 Ne6 13. c4 dxc4 14. Nxc4 Ng5 15. Nc3 Re8 16. Rad1 Ne4 17. Nd2 1/2-1/2